| 000 | 00370nam a2200145Ia 4500 | ||
|---|---|---|---|
| 005 | 20251222144924.0 | ||
| 008 | 251222s9999||||xx |||||||||||||| ||spa|| | ||
| 020 | _a978-956-289-112-7 | ||
| 082 | _a001.42/G46 | ||
| 100 | _aGil Villa, Fernando | ||
| 245 | 0 | _a¿Qué Significa Investigar?: | |
| 250 | _a1a.ed. | ||
| 264 | _bFondo de Cultura Económica, | ||
| 942 | _cLIB | ||
| 999 |
_c22832 _d22832 |
||